| 000 | 01078cam a22003257a 4500 | ||
|---|---|---|---|
| 003 | CHAP | ||
| 005 | 20220817043317.0 | ||
| 008 | 971013s1984 r 00010 d | ||
| 010 | _a71428 | ||
| 011 | _a72400 | ||
| 035 | _a81955 | ||
| 040 | _cCHAP | ||
| 090 | _aFolleto 9452 | ||
| 110 |
_aBanco Internacional de Reconstrucción y Fomento _99848 |
||
| 245 | 1 | 4 |
_aThe development data book _b: social and economic statistics on 125 countries |
| 260 |
_aWashington, D.C. : _bEl Banco, _c(1984?) |
||
| 300 |
_a16 p. _b: ilus. ; mapas |
||
| 590 |
_aBATCH-UPD _b10 _c20130110 _lUCH01 _h1028 |
||
| 590 |
_aBATCH-UPD _b10 _c20130410 _lUCH01 _h0631 |
||
| 590 |
_aBATCH-UPD _b10 _c20130914 _lUCH01 _h1151 |
||
| 590 |
_aCONVERSION _b10 _c20130109 _lUCH01 _h1339 |
||
| 650 | 1 | 4 | _aDesarrollo económico. |
| 650 | 1 | 4 |
_aEstadísticas sociales. _938266 |
| 650 | 1 | 4 |
_aExportación e importación. _939074 |
| 650 | 1 | 4 |
_aPoblación _xEstadísticas. _989369 |
| 650 | 1 | 4 |
_aProducto interno bruto. _991870 |
| 901 | _aBK | ||
| 942 | _cFOLL | ||
| 949 |
_aFolleto 9452 _bBC _cFOLL _d-35698 _eTS1 _i81955 _si |
||
| 999 |
_c71428 _d71428 |
||